10 Biggest US States - Statistics

General Stats
  • This quiz has been taken 44 times
  • The average score is 8 of 10
Answer Stats
Size (sq km) Answer % Correct
423,972 sq km California
100%
1,723,337 sq km Alaska
97%
695,662 sq km Texas
97%
380,831 sq km Montana
86%
295,234 sq km Arizona
83%
314,917 sq km New Mexico
81%
253,335 sq km Wyoming
75%
286,380 sq km Nevada
72%
269,601 sq km Colorado
69%
254,799 sq km Oregon
69%
No matching quizzes found
Score Distribution
Percent of People with Each Score
Percentile by Number Answered
Your Score History
You have not taken this quiz